Loading...
| Fine Arts - Auditory | 6 | 23.33 | 1,667% | 367% | 533% |
| Fine Arts - Other | 4 | 22.50 | 225% | 525% | 525% |
| Fine Arts - Visual | 5 | 14.00 | 1,220% | 240% | 280% |
| Geography | 1 | 30.00 | 2,500% | 500% | 500% |
| History - American | 3 | 20.00 | 2,033% | 167% | 567% |
| History - European | 3 | 26.67 | 3,233% | 367% | 567% |
| History - Other | 5 | 20.00 | 1,940% | 340% | 400% |
| History - World | 5 | 18.00 | 1,500% | 220% | 440% |
| Literature - American | 6 | 16.67 | 1,433% | 233% | 333% |
| Literature - British | 8 | 20.00 | 2,538% | 288% | 313% |
| Literature - European | 4 | 15.00 | 2,425% | 425% | 0% |
| Literature - World | 6 | 20.00 | 1,433% | 367% | 483% |
| Mythology | 5 | 18.00 | 1,940% | 440% | 200% |
| Other Academic | 2 | 20.00 | 2,250% | 300% | 300% |
| Philosophy | 7 | 20.00 | 1,714% | 314% | 357% |
| Pop Culture | 1 | 20.00 | 0% | 600% | 600% |
| Religion | 6 | 16.67 | 2,633% | 183% | 283% |
| Science - Biology | 4 | 17.50 | 1,250% | 400% | 250% |
| Science - Chemistry | 5 | 24.00 | 3,160% | 440% | 320% |
| Science - Other | 5 | 24.00 | 2,440% | 400% | 380% |
| Science - Physics | 7 | 24.29 | 3,129% | 414% | 386% |
| Social Science | 6 | 18.33 | 1,017% | 417% | 317% |
| 1 | 10.00 | 0% | 0% | 300% |